Física 2 : (Registro nro. 10275)

Detalles MARC
000 -LIDER
fixed length control field 01431nam a2200349 a 4500
001 - NÚMERO DE CONTROL
Identificador de número de control 0000394
003 - IDENTIFICACDOR DE NÚMERO DE CONTROL
control field DO-SdBNP
005 - DATE AND TIME OF LATEST TRANSACTION
control field 20180314103639.0
007 - CAMPOS FIJOS DE DESCRIPCIÓN FÍSICA
fixed length control field 0000394
008 - ELEMENTOS DE LONGITUD FIJA
fixed length control field 091125s2009 dr a 000 0 spa d
020 ## - ISBN
International Standard Book Number 9789945172010
040 ## - FUENTE DE CATALOGACIÓN
Agencia que crea de manera original el registro BPMSU
Idioma de catalogación spa
Agencia que realiza la transcripción BPMSU
092 ## - LOCALLY ASSIGNED DEWEY DECIMAL CALL NUMBER
Número de clasificación 373.53
Número de ítem (Cutter) F537e 2do. 2009
245 00 - MENCIÓN DE TITULO
Título Física 2 :
Subtítulo educación media /
Mención de responsabilidad Pablo Smester ... [et al.] ; dirección editorial Luis Miguel Aguas Vanin ; ilustración Henry Cid
260 ## - PUBLICACIÓN, DISTRIBUCIÓN, ETC. (PIE DE IMPRENTA)
Lugar de publicación, distribución, etc Santo Domingo :
Nombre del editor, distribuidor, etc. SM,
Fecha de publicación, distribución, etc 2009.
300 ## - DESCRIPCIÓN FÍSICA
Extensión 183 p. :
Otros detalles físicos il. ;
Dimensiones 28 cm.
490 1# - MENCIÓN DE SERIES
Mención de serie Saber más; educación en valores
505 0# - NOTA DE CONTENIDO
Título La ciencia y su método --
-- El movimiento y sus características --
-- Fuerzas y movimiento --
-- Mecánica de fluidos --
-- Energía y trabajo --
-- Energía y calor --
-- Energía y ondas --
-- Electricidad --
-- Diccionario científico --
-- Unidades, constantes y datos --
650 ## - ENCABEZAMIENTO DE MATERIA--TEMÁTICO
Término temático o nombre geográfico como elemento de entrada FÍSICA
Subdivisión temática general ENSEÑANZA SECUNDARIA
650 #4 - ENCABEZAMIENTO DE MATERIA--TEMÁTICO
Término temático o nombre geográfico como elemento de entrada FÍSICA
Subdivisión temática general EDUCACIÓN SECUNDARIA
650 #4 - ENCABEZAMIENTO DE MATERIA--TEMÁTICO
Término temático o nombre geográfico como elemento de entrada EDUCACIÓN SECUNDARIA
Subdivisión geográfica REPÚBLICA DOMINICANA
650 #4 - ENCABEZAMIENTO DE MATERIA--TEMÁTICO
Término temático o nombre geográfico como elemento de entrada FÍSICA
Subdivisión temática general LIBROS DE TEXTOS
650 #4 - ENCABEZAMIENTO DE MATERIA--TEMÁTICO
Término temático o nombre geográfico como elemento de entrada FÍSCA
Subdivisión temática general ESTUDIOS Y EJERCICIOS
700 12 - ASIENTO SECUNDARIO -- NOMBRE PERSONAL
Nombre personal Smester, Pablo
700 12 - ASIENTO SECUNDARIO -- NOMBRE PERSONAL
Nombre personal Aguas Vanin, Luis Miguel
Mención de responsabilidad ed.
700 12 - ASIENTO SECUNDARIO -- NOMBRE PERSONAL
Nombre personal Cid, Henry
Mención de responsabilidad il.
830 #0 - ASIENTO SECUNDARIO DE SERIE--TÍTULO UNIFORME
Título uniforme Saber más; educación en valores
910 ## - VALIDACIÓN
Validación Validado. Control de calidad MFF
942 ## - ADDED ENTRY ELEMENTS (KOHA)
Source of classification or shelving scheme Dewey Decimal Classification
Koha item type Libros
945 ## - INFORMACIÓN DE PROCESAMIENTO LOCAL
Información de procesamiento local Remanejado para la BNPHU, 2018 / BT
956 ## - LOCAL ELECTRONIC LOCATION AND ACCESS (OCLC)
Nombre de host Yngrid Lockward
Número de acceso 10
Existencias
Withdrawn status Lost status Source of classification or shelving scheme Damaged status Not for loan Home library Current library Date acquired Source of acquisition Total Checkouts Full call number Barcode Date last seen Price effective from Koha item type
    Dewey Decimal Classification     Biblioteca Pública Metropolitana Salomé Ureña Biblioteca Pública Metropolitana Salomé Ureña 06/06/2016 Donación   373.53 F537e 2do. 2009 BPMSU16060064 06/06/2016 06/06/2016 Libros